[Event "Hong Kong op"]
[Site "Hong Kong"]
[Date "2023.12.29"]
[Round "9"]
[White "Hoe, Chew Ming Thomas"]
[Black "Sim, Yan Xiang Ethan"]
[Result "0-1"]
[WhiteElo "1600"]
[BlackElo "1197"]
[PlyCount "28"]
[EventDate "2023.12.24"]
[EventType "swiss"]
[EventRounds "9"]
[EventCountry "HKG"]
[SourceTitle "CBM 217 Extra"]
[Source "ChessBase"]
[SourceDate "2024.01.31"]
[SourceVersion "1"]
[SourceVersionDate "2024.01.31"]
[SourceQuality "1"]

1. Nf3 c5 2. c4 Nf6 3. Nc3 d6 4. e4 Nc6 5. d4 cxd4 6. Nxd4 Nxd4 7. Qxd4 g6 8. Be2 Bg7 9. Be3 0-0 10. Qd2 a5 11. Bh6 a4 12. h4 Qa5 13. 0-0-0 a3 14. b3 Bxh6 0-1

[Event "Hong Kong op"]
[Site "Hong Kong"]
[Date "2023.12.26"]
[Round "4"]
[White "Lam, Chun Yung Samuel"]
[Black "Sim, Yan Xiang Ethan"]
[Result "1-0"]
[WhiteElo "1744"]
[BlackElo "1197"]
[PlyCount "103"]
[EventDate "2023.12.24"]
[EventType "swiss"]
[EventRounds "9"]
[EventCountry "HKG"]
[SourceTitle "CBM 217 Extra"]
[Source "ChessBase"]
[SourceDate "2024.01.31"]
[SourceVersion "1"]
[SourceVersionDate "2024.01.31"]
[SourceQuality "1"]

1. e4 c5 2. Nf3 Nc6 3. d4 cxd4 4. Nxd4 g6 5. c4 Nf6 6. Nc3 Nxd4 7. Qxd4 d6 8. f3 Bg7 9. Be3 0-0 10. Qd2 a5 11. Na4 Be6 12. Nb6 Rb8 13. Qxa5 Nd7 14. 0-0-0 f5 15. Bd3 Ne5 16. Qb4 fxe4 17. Bxe4 Nxc4 18. Nxc4 Qc7 19. Bd5 Bxd5 20. Rxd5 b5 21. Rxb5 d5 22. Rxb8 Rxb8 23. Qc5 Qxc5 24. Bxc5 dxc4 25. Ba3 c3 26. bxc3 Ra8 27. Kb2 Bxc3+ 28. Kxc3 Rxa3+ 29. Kb2 Ra6 30. Kb3 Kf7 31. a4 Rd6 32. a5 Ke8 33. Ra1 Ra6 34. Kb4 Kd7 35. Kb5 Ra8 36. Rc1 Rb8+ 37. Ka4 Rb2 38. Rc3 Rxg2 39. h4 Rh2 40. Rc4 Rf2 41. a6 Rxf3 42. a7 Rf8 43. Kb5 Ra8 44. Kb6 h6 45. Kb7 Rxa7+ 46. Kxa7 Ke6 47. Kb6 Kf5 48. Kc6 e5 49. Kd5 h5 50. Re4 g5 51. Rxe5+ Kg4 52. hxg5 1-0